| 000 | 00502nam a22001817a 4500 | ||
|---|---|---|---|
| 003 | CEME | ||
| 005 | 20210628202902.0 | ||
| 008 | 210203b xxu||||| |||| 00| 0 eng d | ||
| 020 | _a0-8031-1485-0 | ||
| 040 | _c. | ||
| 082 | _a628 ENV | ||
| 100 |
_aGorsuch, Joseph W Dwyer, F. James _962151 |
||
| 245 | _aEnvironmental toxicology and risk assessment, 2nd volume | ||
| 260 |
_aUSA _bASTM _c1993 |
||
| 300 | _a730P | ||
| 650 |
_aENVIRONMENTAL TOXICOLOGY . RISK ASSESSMENT _962152 |
||
| 942 |
_cBK _2ddc |
||
| 999 |
_c571351 _d571351 |
||